| 000 | 01348nam a2200397 c 4500 | ||
|---|---|---|---|
| 001 | 12396 | ||
| 003 | ES-MaCES | ||
| 005 | 20141221122203.0 | ||
| 008 | 010713s2000 sp 000 | spa d | ||
| 017 |
_aM 26108-2000 _bDL |
||
| 020 | _a8489324832 | ||
| 035 | _aCES20010010135m | ||
| 040 |
_aES-MaCES _bspa _cES-MaCES |
||
| 245 | 0 | 0 |
_aProblemática jurídica en torno al fenómeno de internet _cdirector, Juan José Martín-Casallo López |
| 260 |
_aMadrid _bConsejo General del Poder Judicial _c2000 |
||
| 300 |
_a205 p. _c22 cm |
||
| 490 | 1 |
_aCuadernos de derecho judicial _v4 |
|
| 541 | _cGratuito | ||
| 650 | 4 |
_aInternet _930572 |
|
| 650 | 4 |
_ared electrónica _930571 |
|
| 650 | 4 |
_acomercio electrónico _931575 |
|
| 650 | 4 |
_aprotección de los datos _929496 |
|
| 650 | 4 |
_apropiedad intelectual _929444 |
|
| 650 | 4 |
_apropiedad industrial _927656 |
|
| 650 | 4 |
_adelito _927046 |
|
| 650 | 4 |
_aderecho de responsabilidad civil _929891 |
|
| 650 | 4 |
_aEspaña _926964 |
|
| 650 | 4 |
_arégimen jurídico _929894 |
|
| 653 | 1 | 0 | _aDerecho penal |
| 700 | 1 |
_aMartín-Casallo López, Juan José _edir. _917704 |
|
| 710 | 1 |
_aEspaña _bConsejo General del Poder Judicial _eed. _92750 |
|
| 830 | 0 |
_aCuadernos de derecho judicial _v4 _932957 |
|
| 902 | _aLIB Libro | ||
| 942 |
_2CES _cBK _h6.0.8. |
||
| 999 |
_c12396 _d12396 |
||